| 000 | 00885nam a22002651 4500 | ||
|---|---|---|---|
| 001 | 143772 | ||
| 003 | SpMaBN | ||
| 005 | 20240129115322.0 | ||
| 008 | 981210s1959 sp spa | ||
| 016 | 7 |
_abimoBNE20000214399 _zIND9800834544 _2SpMaBN |
|
| 017 |
_aB 1841-1959 _bOficina Depósito Legal Barcelona |
||
| 035 | _a(OCoLC)434239043 | ||
| 040 |
_aSpMaBN _bspa _cCDM _dES-MaACL |
||
| 080 | _a232.9 | ||
| 100 |
_aSheen, Fulton J. _d1895-1979 _0XX820391 _9227301 |
||
| 245 | 1 | 0 |
_aVida de Cristo / _cFulton J. Sheen ; [traducción de Juan Godó Costa] |
| 260 |
_aBarcelona : _bHerder, _c1959 _fGrafesa |
||
| 300 |
_a631 p. ; _c20 cm |
||
| 600 | 0 | 7 |
_aJesucristo _xBiografías _9140032 |
| 700 | 1 |
_aGodo Costa, Juan _957532 |
|
| 852 |
_aES-MaACL _bR.44413 _cMES _jC-16287 _9148964 |
||
| 942 |
_2udc _cMONOGRAFIA |
||
| 999 |
_c143772 _d143772 |
||